Decade these Comic Book Characters Appeared - Statistics

General Stats
  • This quiz has been taken 6 times
  • The average score is 13 of 16
Answer Stats
Picture Answer % Correct
1920s
100%
1930s
100%
1930s
100%
1940s
100%
1940s
100%
1970s
100%
1970s
100%
1950s
75%
1950s
75%
1950s
75%
1960s
75%
1960s
75%
1980s
75%
2000s
75%
1860s
50%
1980s
50%
No matching quizzes found
Score Distribution
Percent of People with Each Score
Percentile by Number Answered
Your Score History
You have not taken this quiz